1405 1012 1531 1420 1722 1548 1903 1936 1629 1153 1433 1388 1978 1174 1357 1443 1435 1219 1456 1274 1655 1963 1278 1835 1932 1440 1446 1971 1576 1567 1541 1696 1466 1943 1554 1100 1038 1766 1962 1223 1588 1258 1492 1457 1373 1001 1034 1890 1611 1423 1048 1374 1587 1404 1741 1442 1291 1362 1929 1852 1844 1215 1550 1378 1937 1326 1325 1071 1840 1460 1103 1909 1602 1178 1089 1832 1883 1811 1151 1594 1991 1071 1620 1228 1619 1040 1590 1116 1218 1722 1324 1241 1599 1640 1241 1838 1154 1548 1053 BCNSPRNW ULIB Ver.6.0+V

เปลี่ยนเป็นภาษาไทย

Change to English
 แสดงรายละเอียดบรรณานุกรม
  กลับหน้าหลัก

Brief Record : Get Marc (ISO 2709) : E-mail record : QR code < ปิดหน้าต่าง
LEADER : 00000nam 2200000uu 4500
001    13399114395
003     ULIB
008    120327s2554||||th 000 0 tha d
020    ^a9789744665256
060 04 ^aWB105^bภ476
100 0  ณัฏฐิณี จรัสเจริญวิทยา
245 00 ^aภาวะฉุกเฉินทางอายุรศาสตร์ =^bEmergency medicine /^cณัฏฐิณี จรัสเจริญวิทยา, บรรณาธิการ
246 31 ^aEmergency medicine
250    ^aพิมพ์ครั้งที่ 1
260    ^aปทุมธานี :^bภาควิชาอายุรศาสตร์ คณะแพทยศาสตร์,^c2554
300    ^a455 หน้า :^bภาพประกอบ ;^c30 ซม.
650  2 ^aEmergency Medicine
650  4 ^aภาวะฉุกเฉิน
650  4 ^aภาวะฉุกเฉิน^xการแพทย์
650  4 ^aอายุรศาสตร์
650  4 ^aการวินิจฉัยโรค
700 0  ^aปิยนุช คงทิม,/^eบรรณาธิการ
700 0  ^aพิมพ์ใจ อันทานนท์,/^eบรรณาธิการ
700 0  ^aศานิต วิชานศวกุล,/^eบรรณาธิการ
700 0  ^aอดิศว์ ทัศนรงค์ ,/^eบรรณาธิการ
700 0  ^aพีระพงศ์ กิติภาวงค์,/^eบรรณาธิการ
710 2  ^aมหาวิทยาลัยธรรมศาสตร์. ^bคณะแพทยศาสตร์.
945    ^p400^l0^i031487
945    ^p400^l0^i031488
945    ^p400^l0^i031489
945    ^p400^l0^i033115
995    ^aทศพร
999 ^a ทศพร
รายการนี้ยังไม่มีแท็ก
คุณยังไม่ได้ล็อกอิน คุณสามารถมีกิจกรรมร่วมกับเว็บไซต์ได้ แต่ต้องล็อกอินก่อน ::
  ล็อกอิน

รายการสื่อสารสนเทศ

ลำดับที่ ประเภท เลขเรียก/บาร์โค้ด สถานที่ สถานะ
1. วิทยาศาสตร์การแพทย์ และสุขภาพ
หนังสือสำรอง
สถานะ=หนังสือสำรอง
WB105 ภ476 ฉ.1 
  Barcode: 031487
ห้องสมุดวิทยาเขตสวรรค์ประชารักษ์
►ส่วนจัดเก็บหนังสือเก่า สปร
บนชั้น
  ขอยืม
2. วิทยาศาสตร์การแพทย์ และสุขภาพ
วิทยาศาสตร์การแพทย์ และสุขภาพ
WB105 ภ476 ฉ.2 
  Barcode: 031488
ห้องสมุดวิทยาเขตสวรรค์ประชารักษ์
►ส่วนจัดเก็บหนังสือเก่า สปร
บนชั้น
  ขอยืม
3. วิทยาศาสตร์การแพทย์ และสุขภาพ
วิทยาศาสตร์การแพทย์ และสุขภาพ
WB105 ภ476 ฉ.3 
  Barcode: 031489
ห้องสมุดวิทยาเขตสวรรค์ประชารักษ์
►ส่วนจัดเก็บหนังสือเก่า สปร
บนชั้น
  ขอยืม
4. วิทยาศาสตร์การแพทย์ และสุขภาพ
วิทยาศาสตร์การแพทย์ และสุขภาพ
WB105 ภ476 ฉ.4 
  Barcode: 033115
ห้องสมุดวิทยาเขตสวรรค์ประชารักษ์
►ส่วนจัดเก็บหนังสือเก่า สปร
บนชั้น
  ขอยืม

รายการใกล้เคียง
    ผู้แต่ง [ณัฏฐิณี จรัสเจริญวิทยา]

    หัวเรื่อง [Emergency Medicine]
    หัวเรื่อง [ภาวะฉุกเฉิน]
    หัวเรื่อง [อายุรศาสตร์]
    หัวเรื่อง [การวินิจฉัยโรค]

BibComment


ยังไม่เคยถูกคอมเมนท์

คอมเมนท์ทรัพยากรรายการนี้
  คอมเมนท์: ภาวะฉุกเฉินทางอา..


 Copyright 2026. Bcnsprnw @Library